Nobel Prize for Literature Winners - Picture Quiz - Statistics

General Stats
  • This quiz has been taken 142 times
  • The average score is 9 of 20
Answer Stats
Picture Answer % Correct
Winston Churchill
89%
Bob Dylan
87%
Ernest Hemingway
85%
Toni Morrison
76%
Gabriel García Márquez
64%
Samuel Beckett
57%
Albert Camus
53%
William Faulkner
44%
Bertrand Russell
40%
Pablo Neruda
40%
Rabindranath Tagore
40%
Thomas Mann
39%
Orhan Pamuk
34%
Hermann Hesse
33%
Rudyard Kipling
31%
John Steinbeck
30%
Selma Lagerlöf
30%
Aleksandr Solzhenitsyn
27%
Boris Pasternak
19%
Henri Bergson
17%
No matching quizzes found
Score Distribution
Percent of People with Each Score
Percentile by Number Answered
Your Score History
You have not taken this quiz